Wszystkie kluby La Liga 2024/25 - Statystyki

Ogólne statystyki
  • Ten quiz został rozwiązany 341 razy
  • Średni wynik to 14 z 20
Statystyki odpowiedzi
La Liga % Poprawnych
FC Barcelona
100%
Real Madryt
100%
Atletico Madryt
95%
Real Betis
87%
Athletic Bilbao
83%
Sevilla
81%
Valencia
79%
Real Sociedad
77%
Girona
74%
Villlareal
71%
Las Palmas
65%
Espanyol
64%
Getafe
64%
Mallorca
63%
Osasuna
62%
Leganes
58%
Rayo Vallecano
57%
Deportivo Alaves
55%
Celta
54%
Real Valladoid
32%
Nie znaleziono quizów pasujących do podanych kryteriów
Rozkład punktacji
Procent ludzi z każdym wynikiem
Percentyl według liczby udzielonych odpowiedzi
Twoja historia wyników
Nie rozwiązałeś tego quizu